000 00861nmm a2200289 a 4500
003 AR-BaBNM
005 20251128210632.0
008 250020s1997 ||||||||||||||000 | spa||
020 _a950-08-1817-5
040 _cAR-BaBNM
100 1 _aLuna, Félix
245 1 0 _aSarmiento y sus fantasmas
_bencuentros imaginarios
260 _aBuenos Aires
_bAtlántida
_c1997
300 0 _a302 p.
500 0 _aContiene referencias bibliográficas
500 0 _aCronología de la vida de Domingo F. Sarmiento p. 279-296
600 1 4 _aMann, Mary
_d1806-1887
600 1 4 _aManso, Juana Paula
_d1819-1875
600 1 4 _aSarmiento, Domingo Faustino
_d1868-1874
650 4 _aLITERATURA ARGENTINA
650 4 _aHISTORIA ARGENTINA
650 4 _aHISTORIA POLITICA
650 4 _aBIOGRAFIAS
650 4 _aHISTORIA DE LA EDUCACION
942 _cBK
998 _cMariana
999 _c16279
_d16279